000 00313nam a22001217a 4500
020 _a026256114x
082 _222
_a005.133
100 _aFelleisen, Matthias and Friedman, Daniel P.
245 _aThe little MLer /
260 _aUSA,
_bMIT Press,
_cc1998.
300 _axvi, 181p. ;
_bill. ;
_c22 cm.
942 _2ddc
_cIT
999 _c1318
_d1318